Cultura d'infant / Fleming Mouritsen ; traducció de M. José Boix Fonollosa
Descripción Física:
45 p. ; 22 cm
Colección:
Temes d'infància ; 20
Otros Autores:
Boix Fonollosa, M. José
Materias:
Jocs infantils
MARC
| LEADER | 00000nam a2200000Ia 4500 | ||
|---|---|---|---|
| 001 | 9935 | ||
| 008 | 160829s1992 xx 000 0 cat d | ||
| 080 | |a FU-5-10 | ||
| 100 | |a Mouritsen, Fleming |9 29176 | ||
| 245 | |a Cultura d'infant / Fleming Mouritsen ; traducció de M. José Boix Fonollosa | ||
| 260 | |a Barcelona : |b Associació de Mestres Rosa Sensat : |b Diputació de Barcelona, |c 1992 | ||
| 300 | |a 45 p. ; |c 22 cm | ||
| 490 | |a Temes d'infància ; 20 | ||
| 650 | |a Jocs infantils |9 29177 | ||
| 700 | 1 | |a Boix Fonollosa, M. José |9 29178 | |
| 710 | 1 | |a Barcelona (Catalunya : Província). |b Diputació |9 52408 | |
| 710 | 2 | |a Rosa Sensat (Associació) |9 54183 | |
| 901 | |a Arxiu | ||
| 942 | |n 1 | ||
| 952 | |0 0 |1 0 |4 0 |6 FU510 |7 1 |9 45089 |a Arxiu |b Arxiu |d 2016-12-01 |l 0 |o FU-5-10 |p 9935 |r 2016-12-01 00:00:00 |w 2016-12-01 |y ARXIU | ||
| 999 | |c 47709 |d 47709 | ||